000 00449nam a2200169 i 4500
001 bg
100 1 _aFINDEISEN, Władysław
245 0 _aWielopoziomowe układy sterowania /
_cWładysław Findeisen.
260 _aWarszawa :
_bPaństwowe Wydaw. Naukowe,
_c1974.
300 _a296 s. :
_brys.
504 _aBibliogr. s. 291-293.
040 _cBPK
041 _apol
080 _a62-5
942 _cKS
008 s pl f |000 0 pol
999 _c26318
_d26318
856 _uhttp://koha.tu.koszalin.pl/cgi-bin/koha/opac-detail.pl?biblionumber=26318
_yKatalog online BPK